| 000 | 00525cam a22001577a 4500 | ||
|---|---|---|---|
| 008 | 180718b1984 xxu||||| |||| 00| 0 eng d | ||
| 082 | _aO97x54 In8 | ||
| 100 | _aZachariah, K.C. | ||
| 245 |
_aDeterminants of fertility decline in India: An analysis _cBy K.C. Zachariah and Sulekha Patel |
||
| 260 |
_aWashington, D.C. _bIBRD _c1984 |
||
| 300 | _a55p. | ||
| 440 | _aWorld Bank Staff Working papers, 699: Population and Development Series, 24 | ||
| 650 | _aBirth Control - India | ||
| 700 | _aPatel, Sulekha | ||
| 700 | _aIBRD | ||
| 999 |
_c223849 _d223849 |
||